000 00747nam a2200217 4500
008 260619b |||||||| |||| 00| 0 eng d
020 _a9789819730858
040 _aMksU
050 _aRA409
_b.S26 2025
100 _aSaneii, Seyed Hassan
245 _aPractical biostatistics for medical and health sciences /
_cSeyed Hassan Saneii, Hassan Doosti.
260 _aSingapore :
_bSpringer,
_c2025
300 _a396 pages :
_b illustrations ;
_c24 cm
504 _aInclude bibliographical references
650 _aBiostatistics.
650 _aMedical statistics.
650 _aHealth sciences $x Statistical methods.
650 _aData analysis.
700 _aDoosti, Hassan
_eAuthor
942 _2lcc
_hRA409 .S26 2025
_cBOOKS
999 _c32536
_d32536